000
00242nam a2200121Ia 4500
100
_a
#N/A
942
_c
BK
245
_a
The X team Lamp Programming for professionals
260
_b
#N/A
082
_b
21546
546
_a
ENGLISH
999
_c
26771
_d
26771